British Birds by Picture - Rallidae Family - Statistics

General Stats
  • This quiz has been taken 5 times
  • The average score is 10 of 12
Answer Stats
Picture Hint Answer % Correct
Fulica americana (CO) American Coot
100%
Porphyrio martinica (G) American Purple Gallinule
100%
Gallinula chloropus (M) Common Moorhen
100%
Crex crex (CR) Corn Crake
100%
Fulica atra (CO) Eurasian Coot
100%
Porzana carolina (SO) Sora
100%
Porphyrio alleni (G) Allen's Gallinule
67%
Zapornia pusilla (CR) Baillon's Crake
67%
Zapornia parva (CR) Little Crake
67%
Porzana porzana (CR) Spotted Crake
67%
Rallus aquaticus (R) Water Rail
67%
Porphyrio porphyrio (SW) Western Swamphen
33%
No matching quizzes found
Score Distribution
Percent of People with Each Score
Percentile by Number Answered
Your Score History
You have not taken this quiz